Reingeniería de software del Sistema de Seguimiento a Graduados de la Universidad Nacional de Ingeniería

Presenta el diseño de un sistema informático de seguimiento de egresados y graduado desarrollado para la facultad de electrotecnia y computación FEC – 2011, así como el análisis de inventario y reestructuración de documentos al sistema, ajuste de reestructuración de código, adecuación de la...

Full description

Bibliographic Details
Main Author: Matus Olivares, Federico Alfonso
Other Authors: Tutor: Flores Quintana, Gloria Thalía
Format: Tesis Section = Libro
Language:Undetermined
Spanish
Published: Managua UNI 2018
Subjects:
LEADER 01351nam a2200277Ia 4500
008 240830s9999 xx 000 0 und d
040 |a BIBLIOTECA-RUSB/ Mon 005.1 M445 
041 |a spa 
082 |a Mon 005.1 M445 
100 1 |a Matus Olivares, Federico Alfonso 
245 1 0 |a Reingeniería de software del Sistema de Seguimiento a Graduados de la Universidad Nacional de Ingeniería 
260 |a Managua  |b UNI  |c 2018 
300 |a 91 p. :il. 
500 |a Contiene: anexos e Incluye: CD. 
502 |a Tesis (Ingeniero en Computación) - UNI, 2018. 
520 3 |a Presenta el diseño de un sistema informático de seguimiento de egresados y graduado desarrollado para la facultad de electrotecnia y computación FEC – 2011, así como el análisis de inventario y reestructuración de documentos al sistema, ajuste de reestructuración de código, adecuación de la reestructuración de los datos y la aplicación de ingeniería directa para el desarrollo del nuevo sistema. 
650 7 |a INGENIERIA DE PROGRAMAS PARA COMPUTADORA 
650 7 |b  SISTEMA WEB-APLICACION 
650 7 |c  BASES DE DATOS 
650 7 |d  PROGRAMAS DE APLICACION 
650 7 |e  DESARROLLO DE SOFTWARE 
650 7 |f  AUTOMATIZACION DE LA INFORMACION 
700 1 |a Tutor:  |b Flores Quintana, Gloria Thalía 
942 |c BK  |2 ddc 
991 |a TESIS 
999 |c 19685